La sociología argentina enla primera mitad del siglo XX /

Zapisane w:
Opis bibliograficzny
1. autor: Marsal, Juan F.
Kolejni autorzy: Avila, Raúl
Format: Texto
Wydane: San José :
Etykiety: Dodaj etykietę
Nie ma etykietki, Dołącz pierwszą etykiete!

MARC

LEADER 00000 a a2200000 04500
001 17714
003
040
090 |a 000600  
100 |a Marsal, Juan F.  
245 |a La sociología argentina enla primera mitad del siglo XX /  |c Juan F. Marsal 
260 |a San José :  
300 |a 68 p  
700 |a Avila, Raúl  
999 |c 11861  |d 11861